| 000 | 01674nam0a2200301 i 4500 | ||
|---|---|---|---|
| 001 | RU\NLR\bibl\1977649 | ||
| 005 | 20260407194035.0 | ||
| 035 | _a(NLR Aleph) 001966408 | ||
| 090 |
_a3895851 _c3895851 |
||
| 100 | _a20121207d2011 u y0rusy50 ca | ||
| 101 | 0 | _arus | |
| 102 | _aRU | ||
| 105 | _ay ||||||||| | ||
| 200 | 1 |
_aКазаки Хопра _eрекомендательный указатель литературы _fВолгогр. обл. универс. науч. б-ка им. М. Горького, Отд. краеведения _g[ред.-сост.: Ольга Валерьевна Назарова _gред.: Тамара Ивановна Климова] |
|
| 210 |
_aВолгоград _cВолгоградская областная универсальная научная библиотека _d2011 |
||
| 215 |
_a27 с. _d21 |
||
| 320 | _aВспом. указ.: алф. указ. авт. и загл. кн.: с. 26-27 | ||
| 606 |
_aХоперское казачество _jБиблиография _92381721 _3RU\NLR\auth\661420980 |
||
| 686 | _aТ3(2)0-294я1 | ||
| 702 | 1 |
_4220 _8rus _7ca _aНазарова _bО. В. _cкраевед _gОльга Валерьевна _3RU\NLR\auth\7756330 _939262 |
|
| 702 | 1 |
_aКлимова _bТ. И. _gТамара Ивановна _4340 |
|
| 712 | 0 | 2 |
_4570 _aВолгоградская областная универсальная научная библиотека им. М. Горького _bОтдел краеведения _3RU\NLR\AUTH\8810128118 _9753334 |
| 801 | 0 |
_aRU _bNLR _c20121207 _gRCR |
|
| 801 | 1 |
_aRU _bNLR _c20121207 |
|
| 830 | _aпо кн | ||
| 942 | _cBOOK | ||
| 980 | _aNBR | ||